[Event "Ruhrgebiet Verbandsliga Gruppe 2 1617"]
[Site "Germany"]
[Date "2017.01.29"]
[Round "6.7"]
[White "Burkart, Stefan"]
[Black "Mittelbachert, Ulrich"]
[Result "1-0"]
[WhiteElo "1723"]
[BlackElo "1880"]
[PlyCount "137"]
[EventDate "2016.09.04"]
[EventType "team-tourn"]
[EventRounds "9"]
[EventCountry "GER"]
[SourceTitle "EXT 2022"]
[Source "ChessBase"]
[SourceDate "2021.10.06"]
[SourceVersion "1"]
[SourceVersionDate "2021.10.06"]
[SourceQuality "1"]
[WhiteTeam "Kirchhellen SF"]
[BlackTeam "Sodingen/Castrop SK II"]
[WhiteTeamCountry "GER"]
[BlackTeamCountry "GER"]

1. d4 g6 2. c4 Bg7 3. Nc3 Nc6 4. d5 Ne5 5. e4 d6 6. f4 Nd7 7. Be3 Ngf6 8. Nf3 0-0 9. h3 Nh5 10. Bd3 Ng3 11. Rg1 f5 12. Ng5 Nf6 13. e5 Nfe4 14. Ncxe4 fxe4 15. Nxe4 Nf5 16. Bd2 dxe5 17. fxe5 Bxe5 18. Bc3 Bxc3+ 19. Nxc3 e5 20. Ne4 Qh4+ 21. Kd2 Qf4+ 22. Kc3 Qe3 23. Qe2 Qd4+ 24. Kb3 Qb6+ 25. Kc3 Qa5+ 26. b4 Qa3+ 27. Kd2 Qb2+ 28. Bc2 Qxb4+ 29. Kd3 Nd4 30. Qd2 Qa3+ 31. Bb3 Bf5 32. Rgf1 a5 33. g4 Bxe4+ 34. Kxe4 Qe7 35. Qh2 a4 36. Qxe5 Qxe5+ 37. Kxe5 Rxf1 38. Rxf1 axb3 39. Kxd4 bxa2 40. Ra1 Kf7 41. g5 b6 42. h4 Ke7 43. Kc3 Kd6 44. Kb4 Ra7 45. Kb5 Ra5+ 46. Kb4 Ke5 47. Kb3 Kf4 48. Rxa2 Rxa2 49. Kxa2 Kg4 50. Kb3 Kxh4 51. Kb4 Kxg5 52. Kb5 h5 53. Kc6 h4 54. Kxc7 h3 55. d6 h2 56. d7 h1Q 57. d8Q+ Kf5 58. Qd5+ Qxd5 59. cxd5 g5 60. d6 g4 61. d7 b5 62. d8Q Ke4 63. Qg5 Kf3 64. Qf5+ Kg3 65. Qxb5 Kg2 66. Qe2+ Kh3 67. Qf1+ Kh2 68. Qf2+ Kh3 69. Qg1 1-0

[Event "Ruhrgebiet Verbandsliga Gruppe 2 1617"]
[Site "Germany"]
[Date "2016.09.04"]
[Round "1.8"]
[White "Burkart, Stefan"]
[Black "Wenzel, Martin"]
[Result "0-1"]
[WhiteElo "1713"]
[BlackElo "1912"]
[PlyCount "52"]
[EventDate "2016.09.04"]
[EventType "team-tourn"]
[EventRounds "9"]
[EventCountry "GER"]
[SourceTitle "EXT 2022"]
[Source "ChessBase"]
[SourceDate "2021.10.06"]
[SourceVersion "1"]
[SourceVersionDate "2021.10.06"]
[SourceQuality "1"]
[WhiteTeam "Kirchhellen SF"]
[BlackTeam "Gladbeck SG"]
[WhiteTeamCountry "GER"]
[BlackTeamCountry "GER"]

1. d4 Nf6 2. Nf3 g6 3. Nc3 d5 4. Bg5 Bg7 5. e3 c5 6. Bd3 Nc6 7. 0-0 0-0 8. Re1 Bg4 9. h3 cxd4 10. Bxf6 Bxf6 11. Nxd5 Qxd5 12. hxg4 dxe3 13. Rxe3 Bxb2 14. c4 Qd7 15. Rb1 Bg7 16. Qe2 b6 17. Rb5 e6 18. c5 Bd4 19. cxb6 Bxe3 20. Qxe3 axb6 21. Rh5 Rfd8 22. Qh6 Qxd3 23. Rf5 exf5 24. Ng5 Qd1+ 25. Kh2 Qd6+ 26. g3 Qf6 0-1